000 00634nam a22002177a 4500
003 UA-OsUOA
001 52349
007 ta
008 20080211b un ||||| |||| 00| 0 ukr d
100 _aСюндюков І.
090 _a82
_bС-12
942 _cSA
040 _aUA-OsUOA
_bukr
_cUA-OsUOA
_dUA-OsUOA
245 _aЦіна прозріння. Новела Михайла Коцюбинського "Сміх" як художнє пророцтво
300 _aС.8
955 _a0
041 _aukr
080 _a82
773 0 _w52347
650 7 _a82 Література. Літературознавство
_2UDC
999 _c338439
_d338439